Word Ladder: Categorical Quiz Stats

 Plays Quiz Updated Aug 20, 2012

Support Sporcle.
Go Orange.
Score 0/24 Timer 03:00
0 Plays Today
Hint Word % Correct
Longest river in the worldNILE
98%
Eminem movie and album, 8 ____MILE
95.4%
What the Titanic didSINK
94.6%
Leonardo Da Vinci's: ____ LisaMONA
91.7%
Be ____ (on a holiday full of hearts)MINE
88.6%
Gives the ratio of the length of the side opposite to an angle to the length of the hypotenuseSINE
85.9%
Margaret Mitchell's 1936 novel, 'Gone with the ____'WIND
85.2%
Actress Kunis of Black SwanMILA
83.4%
Interlinking trade routes across the Afro-Eurasian landmass that connected East, South, and Western Asia with the Mediterranean and European world: ___ RoadSILK
79.4%
Sean Penn's second Oscar was for this filmMILK
78.3%
Singer Crosby of 'White Christmas'BING
77.2%
Molecules do this which results in a molecular complexBIND
73.4%
Hint Word % Correct
____ of thrones: a 2011 TV show based on George R. R. Martin's best-selling 'A Song of Ice and Fire'GAME
72.9%
Venomous lizard native to the southwestern United States and northwestern MexicoGILA
58%
Neville Longbottom's 'Expelliarmus' will leave you without thisWAND
58%
Singer of 'So What' and 'Glitter in the Air'PINK
56%
Tests reachability of a host on an IPPING
56%
Animal of genus Neovision and MustelaMINK
52.2%
Best friend of Katniss in 'The Hunger Games'GALE
51.7%
Class in Final Fantasy that focuses on fists rather than weapons or magicMONK
49.6%
Often in RPGs, when you run out of this, you can't use magicMANA
46.9%
Wife of Salvador DalĂ­GALA
42.8%
Angela Lansbury musical; Lucille Ball movieMAME
40.9%
Spring Awakening opening song, ____ Who Bore MeMAMA
38%

Today's Daily Dose

Word Ladder
Math Aid

Get the Picture
Warrior Women

You're not logged in!

Compare scores with friends on all Sporcle quizzes.
OR
Log In
Forgot?

From the Vault

9 Fictional Viking Characters

by Pilgab

Horns and beer are the signs to recognize.
Remove Ads.
Support Sporcle.
Get the best of Sporcle when you Go Orange. This ad-free experience offers more features, more stats, and more fun while also helping to support Sporcle. Thank you for becoming a member.

Show Comments

Extras

Top Quizzes Today


Score Distribution

Your Account Isn't Verified!

In order to create a playlist on Sporcle, you need to verify the email address you used during registration. Go to your Sporcle Settings to finish the process.

Report this User

Report this user for behavior that violates our Community Guidelines.

Details: